| 000 | 01148cam a2200337 a 4500 | ||
|---|---|---|---|
| 001 | 12704913 | ||
| 003 | EG-ScBUE | ||
| 005 | 20220307105256.0 | ||
| 008 | 020207s2006 ua f 000 1 eng d | ||
| 020 | _a9789774249617 | ||
| 035 | _a(DLC) 2002360480 | ||
| 040 |
_aDLC _beng _erda _cDLC _dDLC _dEG-ScBUE |
||
| 041 | 1 |
_aeng _hara |
|
| 082 | 0 | 4 |
_a892.736 _222 _bMEG |
| 100 | 1 |
_aʻAbd al-Majīd, Ibrāhīm, _eauthor. _95802 |
|
| 245 | 1 | 0 |
_aNo one sleeps in Alexandria / _cIbrahim Abdel Meguid ; translated by Farouk Abdel Wahab. |
| 264 | 1 |
_aCairo : _bThe American University in Cairo Press, _c2006. |
|
| 300 |
_a354 pages ; _c24 cm. |
||
| 336 |
_2rdacontent _atext _btxt |
||
| 337 |
_2rdamedia _aunmediated _bn |
||
| 338 |
_2rdacarrier _avolume _bnc |
||
| 490 | 0 | _aa Modern Arabic novel | |
| 546 | _aText in English ; translated from Arabic. | ||
| 650 | 7 |
_aArabic fiction _xTranslations into English. _2BUEsh |
|
| 651 | _2BUEsh | ||
| 653 |
_bARALIT _cMarch2022 |
||
| 655 |
_vReading book _934232 |
||
| 700 | 1 |
_aAbdel Wahab, Farouk, _etranslator. _95803 |
|
| 942 |
_2ddc _cBB |
||
| 999 |
_c11738 _d11738 |
||